000 00556pab a2200193 454500
008 180718b2011 xxu||||| |||| 00| 0 eng d
100 _aBearce, David H.
245 _aToward an alternative explanation for the resource curse: Natural resources, immigration, and democratization
260 _c2011
300 _ap.689-718.
362 _aJun
650 _aDemocratization
650 _aImmigration
650 _aNatural resources
700 _aHutnick, Jennifer A. Laks
773 _aComparative Political Studies
908 _aN
909 _a92860
999 _c92860
_d92860